| 000 | 00948cab a2200265 4500 | ||
|---|---|---|---|
| 001 | WB3129-15 | ||
| 008 | 090401t1995 xxu||||| |||| 00| 0 eng d | ||
| 035 | _a(Sirsi) u40862 | ||
| 041 | _aeng | ||
| 245 | _aProperty profits are risk | ||
| 260 | _c1995 | ||
| 350 | _a0 | ||
| 490 |
_aEstates Times _v(1289) 28 July 1995, 1 |
||
| 490 |
_aFinancial Times _v28 July 1995, 18(2) |
||
| 520 | _aThe Accounting Standards Board (ASB) is proposing that property companies should apply an annual depreciation charge to their assets leading to the scrapping of SSAP 19. Property companies fear a fall in profits if the new standard is adopted. | ||
| 650 | _aACCOUNTING STANDARDS | ||
| 650 | _aASB | ||
| 650 | _aCOMPANY ACCOUNTS | ||
| 650 | _aDEPRECIATION CHARGE | ||
| 650 | _aPROPERTY COMPANIES | ||
| 650 | _aSSAP 19 | ||
| 690 | _aPROPERTY-COMMERCIAL PROPERTY-COMMERCIAL PROPERTY APPRAISAL AND VALUATION | ||
| 942 | _n0 | ||
| 948 | _c04/03/1997 | ||
| 999 |
_c26194 _d26194 |
||